| 000 | 00682nam a2200217Ia 4500 | ||
|---|---|---|---|
| 003 | GCL | ||
| 008 | 140319s9999 xx 000 0 ara d | ||
| 040 |
_aGCL / _cGCL |
||
| 082 | 0 | 4 |
_a327.172 _bا غ |
| 100 | 1 | _aادوارد سعيد | |
| 245 | 1 | 0 |
_aغزة- اريحا00 سلام امريكى / _cادوارد سعيد |
| 260 |
_a[S.N] : _bدار المستقبل العربى ، _c1994 |
||
| 300 | _a152 ص | ||
| 490 | _a | ||
| 650 | 0 | 4 | _aالنزاع العربى الاسرائيلى |
| 650 | 0 | 4 | _aفلسطين |
| 650 | 0 | 4 | _aالولايات المتحدة الامريكية |
| 650 | 0 | 4 | _aاسرائيل |
| 650 | 0 | 4 | _aاتفاقية غزة اريحا |
| 942 |
_2ddc _cBK |
||
| 999 |
_c34786 _d34786 |
||